TCP/IP and Distributed System (Record no. 1817)

MARC details
000 -LEADER
Fixed length control field 00423nam a2200169 4500
003 - CONTROL NUMBER IDENTIFIER
Control field SEACOMEC
005 - DATE AND TIME OF LATEST TRANSACTION
Control field 20241118144650.0
008 - FIXED-LENGTH DATA ELEMENTS--GENERAL INFORMATION
Fixed length control field 241118b |||||||| |||| 00| 0 eng d
020 ## - INTERNATIONAL STANDARD BOOK NUMBER / ISBN
International Standard Book Number 978-8170089322
Price 250.0
040 ## - CATALOGING SOURCE
Original cataloging agency SEACOMEC
082 ## - DEWEY DECIMAL CLASSIFICATION NUMBER
Classification number 004.6
Book Number A176
100 ## - MAIN ENTRY--PERSONAL NAME
Personal name Vivek Acharya
245 ## - TITLE STATEMENT
Title TCP/IP and Distributed System
Statement of responsibility / Vivek Acharya
260 ## - IMPRINT
Place of publication Kolkata
Name of publisher Firewall
Date of publication 2006
300 ## - PHYSICAL DESCRIPTION
Page / Vol. No 474 p
942 ## - ADDED ENTRY ELEMENTS (KOHA)
Koha item type Books
Holdings
Withdrawn status Lost status Source of classification Damaged status Not for loan Home library Current library Date acquired Total Checkouts Call number Accession number Date last seen Price effective from Koha item type Copy number
    Dewey Decimal Classification     SEACOM ENGINEERING COLLEGE SEACOM ENGINEERING COLLEGE 12/07/2007   004.6 A176 7559 18/11/2024 18/11/2024 Books  
    Dewey Decimal Classification     SEACOM ENGINEERING COLLEGE SEACOM ENGINEERING COLLEGE 12/07/2007   004.6 A176 7560 18/11/2024 18/11/2024 Books 1
    Dewey Decimal Classification     SEACOM ENGINEERING COLLEGE SEACOM ENGINEERING COLLEGE 12/07/2007   004.6 A176 7561 18/11/2024 18/11/2024 Books 2
© Seacom Engineering College, All rights reserved.      Powered by Koha